000 00441nam a2200181Ia 4500
005 20240823011521.0
008 240823s9999||||xx |||||||||||||| ||und||
041 _aENGLISH
082 _A621.406 P2
100 _aYahya S M
245 0 _aTurbines Compressors and Fans
250 _a2nd
260 _c2002
_b"TMH,New Delhi"
500 _aTRANSFERED
650 _aCompressible
_bAeronautical Engineering
942 _cBK
999 _c161766
_d161766